Statistics for Shortest Border by Country

Click here to take the quiz!

General Stats

  • This quiz has been taken 49 times
  • The average score is 18 of 24

Answer Stats

HintAnswer% Correct
GermanyDenmark
98%
ThailandMalaysia
98%
LatviaBelarus
93%
Saudi ArabiaQatar
87%
PeruChile
82%
AustriaLiechtenstein
82%
ItalyVatican City
82%
FranceMonaco
80%
IndonesiaEast Timor
76%
SerbiaMacedonia
76%
TurkeyAzerbaijan
73%
MontenegroCroatia
73%
PolandLithuania
73%
GuatemalaEl Salvador
71%
ZambiaBotswana
67%
UzbekistanAfghanistan
64%
SyriaIsrael
64%
RussiaNorth Korea
64%
TanzaniaRwanda
64%
MyanmarBangladesh
62%
AfghanistanChina
62%
NamibiaZambia
60%
SlovakiaAustria
58%
NigeriaChad
56%

Score Distribution

Percentile by Number Answered

Percent of People with Each Score

Your Score History

You have not taken this quiz